000 01034nam a22003490a 4500
001 PT4859
003 AR-LpoUNG
005 20210131232028.0
008 191001s1997||||sp |||||||||||||||||spa d
020 _a8471539640
_c$4.31
040 _aAR-LpoUNG
_bspa
_cAR-LpoUNG
_eaacr
041 _aspa
044 _asp
082 0 _aR438 545dic
245 1 0 _aDiccionario esencial :
_bdeutsch-spanisch : español-alemán
250 _a2da. ed.
260 _aBarcelona :
_bBibliograf,
_c1997.
300 _a365 p. :
_bgráfs., tbls.
520 _a<p>Conjugación alemana, lista de verbos irregulares,signos de la AFI, fonética, abreviaturas.</p>
650 4 _aDICCIONARIOS
650 4 _aDOCUMENTOS PRIMARIOS
650 4 _aLENGUA ALEMANA
650 4 _aLENGUA ESPAÑOLA
650 4 _aMATERIAL DE REFERENCIA
650 4 _aTEMINOLOGIA
651 4 _aDOCUMENTOS TEORICOS O METODOLOGICOS
653 _aDICCIONARIOS BILINGÜES
653 _aDICCIONARIOS DE ALEMAN
710 2 _aBibliograf
905 _a4859
942 _cLSALA
999 _c13328
_d13328